Statistics for Frozen Quotes

Click here to take the quiz!

General Stats

  • This quiz has been taken 541 times
  • The average score is 12 of 15

Answer Stats

Hint Answer % Correct
some people are worth _______ ___melting for
93%
reindeers are better____ ______than people
93%
she wold never hurt me. shes my ______.sister
93%
the skys awake. so im ______!awake
92%
i leave prince ____ in charge.hans
90%
DO NOT _____ THINGS AT PEOPLE!!throw
87%
what the? where you raised __ _ ____?in a barn
82%
and whos the ________?reindeer
82%
i cant feel my ____!!legs
81%
can i just say something _____?crazy
79%
whos that funny looking ______ over there?donkey
71%
oh anna, if there was only someone out there ___ ____ ___.who loved you
68%
watch out for my ____!!butt
67%
the act of true love will ____ _ _____ ____thaw a frozen heart
60%
beautiful, powerful, dangerous, ____cold
36%

Score Distribution

Percentile by Number Answered

Percent of People with Each Score

Your Score History

You have not taken this quiz